00410nam a2200169Ia 4500008004100000020001400041050001600055100002000071245003400091245002300125260001500148260002200163260000900185300001600194300002000210300001000230170918s9999 xx 000 0 und d a39562892X bW938no 1993 aWozencraft, Kim aNotes from the country club / cby Kim Wozencraft. aNew York : bHoughton Mifflin, c1993 a205 pages : billustrations ; c21cm.